В небытии (Запись № 9860996)
[ простой вид ]
| 000 -МАРКЕР | |
|---|---|
| контрольное поле | 01493nam0a2200301 i 4500 |
| 001 - ИДЕНТИФИКАТОР ЗАПИСИ | |
| контрольное поле | RU\NLR\BIBL_A\010012470 |
| 005 - ИДЕНТИФИКАТОР ВЕРСИИ | |
| контрольное поле | 20260406120442.0 |
| 010 ## - МЕЖДУНАРОДНЫЙ СТАНДАРТНЫЙ НОМЕР КНИГИ (ISBN) | |
| Номер (ISBN) | 9785853190023 |
| 035 ## - ДРУГИЕ СИСТЕМНЫЕ НОМЕРА | |
| Идентификатор записи | (NLR Aleph) 010012470 |
| 100 ## - ДАННЫЕ ОБЩЕЙ ОБРАБОТКИ | |
| Данные общей обработки | 20131210d2012 um y0rusy50 ca |
| 101 0# - ЯЗЫК РЕСУРСА | |
| Язык текста, звукозаписи и т.д. | русский |
| 102 ## - СТРАНА ПУБЛИКАЦИИ ИЛИ ПРОИЗВОДСТВА | |
| Страна публикации | Российская Федерация |
| 105 ## - ПОЛЕ КОДИРОВАННЫХ ДАННЫХ: ТЕКСТОВЫЕ МАТЕРИАЛЫ, МОНОГРАФИЧЕСКИЕ | |
| Кодированные данные о монографическом текстовом документе | a|||||||||||| |
| 200 1# - ЗАГЛАВИЕ И СВЕДЕНИЯ ОБ ОТВЕТСТВЕННОСТИ | |
| Основное заглавие | В небытии |
| Сведения, относящиеся к заглавию | роман-реконструкция тайны наследного цесаревича Георгия - сына Александра I и Елизаветы - по материалам творчества А. С. Пушкина |
| Первые сведения об ответственности | Любовь Краваль |
| Последующие сведения об ответственности | [под общ. ред. д.филол.н. С. А. Макуренковой] |
| 210 ## - ПУБЛИКАЦИЯ, РАСПРОСТРАНЕНИЕ И ДР. | |
| Место издания, распространения и т.д. | Москва |
| Имя издателя, распространителя и т. д. | [б. и.] |
| Дата издания, распространения и т.д. | 2012 |
| 215 ## - ФИЗИЧЕСКАЯ ХАРАКТЕРИСТИКА | |
| Специфическое обозначение материала и объем | 99 с. |
| Другие сведения о физической характеристике | ил., факс. |
| Размеры | 20 |
| 316 ## - ПРИМЕЧАНИЯ ОБ ОСОБЕННОСТЯХ ЭКЗЕМПЛЯРА | |
| Текст примечания | С автогр. ред. |
| Организация и экземпляр, к которому относится поле | NLR |
| 320 ## - ПРИМЕЧАНИЯ О НАЛИЧИИ В ДОКУМЕНТЕ БИБЛИОГРАФИИ / УКАЗАТЕЛЯ | |
| Текст примечания | Библиогр. в подстроч. примеч. |
| 600 #1 - ИМЯ ЛИЦА КАК ПРЕДМЕТ | |
| Начальный элемент ввода | Пушкин |
| Часть имени, кроме начального элемента ввода | А.С. |
| Даты | 1799 - 1837 |
| Расширение инициалов личного имени | Александр Сергеевич |
| Тематический подзаголовок | Образы |
| Системный номер авторитетной/нормативной записи | 2020445 |
| Идентификатор авторитетной/нормативной записи | RU\NLR\AUTH\66929790 |
| 686 2# - ИНДЕКСЫ ДРУГИХ КЛАССИФИКАЦИЙ | |
| Индекс | Ш5(2=Р)51-4Пушкин54 |
| 700 #1 - ИМЯ ЛИЦА - ПЕРВИЧНАЯ ОТВЕТСТВЕННОСТЬ | |
| Начальный элемент ввода | Краваль |
| Часть имени, кроме начального элемента ввода | Л.А. |
| Расширение инициалов личного имени | Любовь Александровна |
| 702 #1 - ИМЯ ЛИЦА - ВТОРИЧНАЯ ОТВЕТСТВЕННОСТЬ | |
| Код отношения | Прочие |
| Материалы, к которым относится поле | rus |
| Графика поля | Кириллица |
| Начальный элемент ввода | Пушкин |
| Часть имени, кроме начального элемента ввода | А. С. |
| Дополнения к именам, кроме дат | поэт |
| Даты | 1799-1837 |
| Расширение инициалов личного имени | Александр Сергеевич |
| Идентификатор авторитетной/нормативной записи | RU\NLR\AUTH\77386 |
| Системный номер авторитетной/нормативной записи | 110441 |
| 942 ## - ДОПОЛНИТЕЛЬНЫЕ ЭЛЕМЕНТЫ ЗАПИСИ (АБИС) | |
| Тип экземпляра АБИС | Книга |
| 980 ## - КОЛЛЕКЦИЯ | |
| Название коллекции | НБР |
Нет доступных экземпляров.